00421 2200169 4500245005300000020002200053250001100075100002000086700002200106650001700128005001900145260002800164041001400192084001100206300002500217336000900242 aDignitate Limited EditioncHana MargarethahText a978-602-5406-03-4 aCet. 8 aHana Margaretha aLarasati Fitriani aNovel Remaja a20230203145607 aJakartabLoveablec2019 aIndonesia a808.83 a372 hlm. :c20.5 cm. atext